Statistiques concernant Culture Générale - Série 2182

Cliquez ici pour prendre le quiz!

Statistiques générales

  • Ce quiz a été pris 45 fois
  • Le résultat moyen est 4 sur 10

Statistiques - réponses

Question Réponse % Correct
C'est un mois de l'année et un maréchal de Francejuin
100%
Par quel nom d'animal qualifie-t-on un espion ?taupe
69%
Quel adjectif de 13 lettres commençant par " d " signifie : "très élogieux" ?dithyrambique
62%
Les montagnes des Tatras, dans la chaîne des Carpates, à l'est de l'Europe, forment une frontière naturelle entre la Slovaquie et la ....Pologne
62%
Dans le roman "Vipère au poing" d'Hervé Bazin, quel était le surnom donné à la marâtre cruelle et peu aimante Paule Rezeau ?Folcoche
60%
Qui a écrit la pièce en un acte "Le roi se meurt" en 1962 ? voir photoEugène Ionesco
48%
Qui est "L'enfant roi" dans le film réalisé par Roger Planchon en 1993 ?Louis XIV
21%
Qui a écrit "Le roi s'amuse" ( drame romantique en cinq actes et en vers ) en 1832 ? prénom et nomVictor Hugo
12%
Qui a composé "La damnation de Faust" en 1846 ? prénom et nomHector Berlioz
7%
Personnage lourd, peu ouvert aux lettres et aux arts, qui a des goûts grossiers. - 7 lettres commençant par " b "béotien
5%

Distribution des résultats

Percentile par nombre de réponses

% des personnes avec chaque résultat

Votre développement - résultats

Vous n’avez pas pris ce quiz